Tom Hardy Movies Quiz Stats

 Plays Quiz Updated Jan 4, 2021

Support Sporcle.
Go Orange.
Score 0/34 Timer 08:00
5 Plays Today
Year Movie % Correct
2012The Dark Knight Rises
87.2%
2018Venom
81.6%
2010Inception
73%
2015Mad Max: Fury Road
71.6%
2008Bronson
67.6%
2015Legend
62.5%
2015The Revenant
50.5%
2017Dunkirk
49.7%
2013Locke
47.1%
2011Warrior
46.3%
2012This Means War
41.9%
2020Capone
36.9%
2008RocknRolla
36.1%
2011Tinker, Tailor, Soldier, Spy
34.7%
2012Lawless
34.3%
2014The Drop
30.2%
2001Black Hawk Down
27.2%
Year Movie % Correct
2015Child 44
26.9%
2004Layer Cake
24.4%
2002Star Trek: Nemesis
23.8%
2015London Road
11%
2006Marie Antoinette
10.8%
2008Sucker Punch
9%
2006Scenes of a Sexual Nature
8.5%
2006Minotaur
8.1%
2003Dot the I
7.3%
2009Thick as Thieves
7.3%
2007Flood
7.1%
2003The Reckoning
6.9%
2002Deserter
6.6%
2007The Inheritance
5.7%
2004EMR
5.7%
2003LD 50 Lethal Dose
5.5%
2007The Killing Gene
4.8%

You're not logged in!

Compare scores with friends on all Sporcle quizzes.
OR
Log In

From the Vault

Batman Comic Villains by Picture

by DennisRoadknight

A nasty array of Gotham's foulest troublemakers.
Remove Ads.
Support Sporcle.
Get the best of Sporcle when you Go Orange. This ad-free experience offers more features, more stats, and more fun while also helping to support Sporcle. Thank you for becoming a member.

Show Comments

Extras

Top Quizzes Today


Score Distribution

Your Account Isn't Verified!

In order to create a playlist on Sporcle, you need to verify the email address you used during registration. Go to your Sporcle Settings to finish the process.

Report this User

Report this user for behavior that violates our Community Guidelines.

Details: